Nuhumans by Picture (Marvel Quiz) - Statistics

General Stats
  • This quiz has been taken 11 times
  • The average score is 7 of 17
Answer Stats
Picture Answer % Correct
Moon Girl
100%
Ms. Marvel
100%
Inferno
60%
Quake
50%
Flint
40%
Kamran
40%
Lineage
40%
Synapse
40%
Haechi
30%
Iron Cross
30%
Iso
30%
Kid Kaiju
30%
Naja
30%
Luna Maximoff
20%
Emulator
10%
Kaboom
10%
Ulysses Cain
10%
No matching quizzes found
Score Distribution
Percent of People with Each Score
Percentile by Number Answered
Your Score History
You have not taken this quiz